00876nam a22001697a 450000500170000002000220001703500220003903700130006110000190007424500880009326000430018130001730022494200250039799900170042295201240043995201430056320180823115048.0 a817000246c475.00 aB-31081, B-031083 aDPLbENG aLahiri,Ramansu aProfessionalism and Research in Library and Information Science/cby Ramansu Lahiri a New DelhibEss Ess Publicationsc1999 a 210p. c23 cms. 2ddccENh025.52mLAH c63461d63461 001040708NFICaZLSbZLSd2012-02-27l1o025.52 LAHpB-31081r2019-10-07 00:00:00s2019-08-14v475.00w2012-02-27yEN 001040708NFICaBL4bBL4d2018-08-23eBPPD/PUBg475.00l1o025.52 LAHpB-031083r2022-09-29 00:00:00s2022-08-03v475.00w2018-08-23yEN